| Registos Bibliográficos associados ao registo de autoridade |
|
Etiqueta de registo: 00000nkm 2200025 450 001 2282091 003 http://id.bnportugal.gov.pt/bib/catbnp/2282091 100 ## $a20260320d1983 m y0pory01030103ba 101 0# $apor 102 ## $aPT 200 1# $aEngate-83, I Encontro de Grupos Amadores de Teatro do Distrito de Viana do Castelo,
dia 11 de junho no Auditório da Academia de Música$bVisual gráfico]$fCentro Cultural do Alto Minho 210 #9 $a[Viana do Castelo]$cCentro Cultural do Alto Minho,$d1983$eViana do Castelo :$gTip. Vianense ) 215 ## $a1 cartaz$cazul impresso em papel rosa$d42,5x32,5 cm 317 ## $aColeção Madeira Luís 710 02 $aEncontro de Grupos Amadores de Teatro do Distrito de Viana do Castelo,$d1,$f1983$31992743 712 02 $aCentro Cultural do Alto Minho$4557$357921 801 #0 $aPT$bBN$gRPC 966 ## $lBN$mICONOG$sCT. 17079 V.$x3 971 ## $cCaticonografia7$d20260320 972 ## $d20260413 $e1$v fpinelo$z0 995 ## $aPRR2026
|
|
|